000
00319nam a22001337a 4500
008
181102b xxu||||| |||| 00| 0 eng d
020
_a
9780138191450
041
_a
eng
080
_a
101
100
_a
23
101
_a
FIL
245
_a
Moral Issues Phillosophical Relions Perspective
_c
Palmer.G
942
_2
udc
_c
BK
999
_c
51629
_d
51629